| 000 | 02449cam a2200301 i 4500 | ||
|---|---|---|---|
| 003 | SA-RiAUC | ||
| 005 | 20241225075530.0 | ||
| 008 | 241215s2001 mm f 00000 ara c | ||
| 024 | 0 | _a00000000691287 | |
| 040 |
_aSA-RiAUC _bara _cSA-RiAUC _dAE-DuMBRL _erda |
||
| 050 | 4 | _b.A28 2001 | |
| 082 | 0 | 4 |
_a258.2 _qSA-RiAUC |
| 090 |
_a258.2 _bا ب و ف |
||
| 100 | 1 |
_aأبو فارس، حمزة، _d1946- _eمؤلف. |
|
| 245 | 1 | 0 |
_aبحوث ودراسات في بعض مصنفات الفقه المالكي / _cتأليف حمزة أبو فارس. |
| 250 | _aالطبعة الأولى. | ||
| 264 | 1 |
_aفاليتا، مالطا : _bشركة إلجا، _c2001. |
|
| 300 |
_a225 صفحة ؛ _c24 × 16 سم |
||
| 336 |
_aنص _btxt _2rdacontent _3كتاب |
||
| 337 |
_aبدون وسيط _bn _2rdamedia |
||
| 338 |
_aمجلد _bnc _2rdacarrier |
||
| 500 | _aاهداء من المؤلف حمزة ابو فارس | ||
| 520 | _aيتناول كتاب (بحوث ودراسات في بعض مصنفات الفقه المالكي) والذي قام بتأليفه حمزة أبو فارس في حوالي (225) صفحة من القطع المتوسط موضوع (الفقه المالكي)، مستعرضا الموضوعات التالية : المقدمة، 1-الإمام الونشريسي وكتابه "عدة البروق"، 2-من تراثنا الذي لا يزال مخطوطا كتاب "مطالع الدقائق في تحرير الجوامع والفوارق" للإمام الإسنوي، 3-مدونة الإمام سحنون "مراحل تدوينها-منزلتها بين الأمهات، شروحها واختصاراتها، 4-كتاب "النكث والفروق" لعبد الحق السهيمي الصقلي ثمرة من ثمرات مدرسة القيروان الفقهية، 5-شرح القاضي عبد الوهاب البغدادي لرسالة الشيخ ابن أبي زيد القيرواني، 6-بعض المصطلحات في كتب الفقه المالكي، 7-ابن الحاجب ومختصره الفرعي، 8-ملاحظات على تحقيق "رسالة في الأذان" للمعارفي، 9-البدع وموقف الإمام الشاطبي منها، 10-كشف النقاب الحاجب عن مصطلح ابن الحاجب. | ||
| 650 | 7 |
_aالفقه المالكي _2aucsh |
|
| 650 | 7 |
_aالفقه الإسلامي _xمذاهب _2aucsh |
|
| 942 |
_2ddc _cBOOK _n0 |
||
| 949 |
_aSA-JeALM _d241215 _umohamedma123 _n1 |
||
| 999 |
_c3942 _d3942 |
||